书目信息 |
| 题名: |
Oracle Database 11g初学者指南
|
|
| 作者: | 阿布拉门逊 , Michael Abbey , Michael J.Corey 著 ;窦朝晖 译 | |
| 分册: | ||
| 出版信息: | 北京 清华大学出版社 2010.01 |
|
| 页数: | 288页 | |
| 开本: | 26cm | |
| 丛书名: | Oracle数据库官方系列丛书 | |
| 单 册: | ||
| 中图分类: | TP311.138 | |
| 科图分类: | ||
| 主题词: | 关系数据库--数据库管理系统 | |
| 电子资源: | ||
| ISBN: | 978-7-302-21893-7 | |
| 000 | 01194nam 2200301 450 | |
| 001 | 1064138093 | |
| 005 | 20101112175222.64 | |
| 010 | @a978-7-302-21893-7@dCNY39.00 | |
| 100 | @a20101129d2010 km y0chiy0120 ea | |
| 101 | 1 | @achi@ceng |
| 102 | @aCN@b110000 | |
| 105 | @aa z 000yy | |
| 200 | 1 | @aOracle Database 11g初学者指南@AOracle Database 11g chu xue zhe zhi nan@f(美) Ian Abramson,Michael Abbey,Michael J.Corey等著@g窦朝晖译 |
| 210 | @a北京@c清华大学出版社@d2010.01 | |
| 215 | @a288页@c图@d26cm | |
| 225 | 1 | @aOracle数据库官方系列丛书@iOracle Database 11g系列 |
| 312 | @a英文题名:取自封面 | |
| 314 | @a本书责任者的汉译姓:取自版权页 | |
| 330 | @a本书采用自学教程的方式,介绍了核心数据库技术、管理员职责、高可用性以及大型数据库功能。带领读者循序渐进地学习数据库设置、管理、编程、备份和恢复,包括深入介绍了SQL和PL/SQL。 | |
| 500 | 10 | @aOracle Database 11g: a beginner's guide@mChinese |
| 606 | 0 | @a关系数据库@x数据库管理系统 |
| 690 | @aTP311.138@v4 | |
| 701 | 1 | @a阿布拉门逊@Aa bu la men xun@g(Abramson, Ian)@4著 |
| 701 | 0 | @aMichael Abbey@4著 |
| 701 | 0 | @aMichael J.Corey@4著 |
| 702 | 0 | @a窦朝晖@Adou zhao hui@4译 |
| 801 | 0 | @aCN@c20101129 |
| 905 | @dTP311.138@eA020 | |
| Oracle Database 11g初学者指南/(美) Ian Abramson,Michael Abbey,Michael J.Corey等著/窦朝晖译.-北京:清华大学出版社,2010.01 |
| 288页:图;26cm.-(Oracle数据库官方系列丛书.Oracle Database 11g系列) |
| ISBN 978-7-302-21893-7:CNY39.00 |
| 本书采用自学教程的方式,介绍了核心数据库技术、管理员职责、高可用性以及大型数据库功能。带领读者循序渐进地学习数据库设置、管理、编程、备份和恢复,包括深入介绍了SQL和PL/SQL。 |
| ● |
| 相关链接 |
|
|
|
正题名:Oracle Database 11g初学者指南
索取号:TP311.138/A020
 
预约/预借
| 序号 | 登录号 | 条形码 | 馆藏地/架位号 | 状态 | 备注 |
| 1 | 1033741 | 210337410 | 自科库301/301自科库 48排1列4层/ [索取号:TP311.138/A020] | 在馆 | |
| 2 | 1033742 | 210337429 | 自科库301/301自科库 48排1列4层/ [索取号:TP311.138/A020] | 在馆 | |
| 3 | 1033743 | 210337438 | 自科库301/301自科库 75排2列3层/ [索取号:TP311.138/A020] |
已借出,限还日期为2018.01.08 借出人:刘荣辉 |